Catálogo público

Brock biología de los microorganismos / (Record no. 104802)

MARC details
000 -CABECERA
campo de control de longitud fija 00883nam a2200313 a 4500
001 - NÚMERO DE CONTROL
campo de control 000108340
003 - IDENTIFICADOR DEL NÚMERO DE CONTROL
campo de control CHAP
005 - FECHA Y HORA DE LA ÚLTIMA TRANSACCIÓN
campo de control 20230130120522.0
008 - DATOS DE LONGITUD FIJA--INFORMACIÓN GENERAL
campo de control de longitud fija 140129s2009 sp a |r ||||||spa d
010 ## - NÚMERO DE CONTROL DE LA BIBLIOTECA DEL CONGRESO
Número de control de LC 104802
011 ## - ENLACE DEL NUMERO DE CONTROL DE LA BIBLIOTECA DEL CONGRESO [OBSOLETO]
Número de control de LC 105774
020 ## - NÚMERO INTERNACIONAL ESTÁNDAR DEL LIBRO
Número Internacional Estándar del Libro 9788478290970
040 ## - FUENTE DE LA CATALOGACIÓN
Centro/agencia transcriptor CHAP
082 04 - NÚMERO DE LA CLASIFICACIÓN DECIMAL DEWEY
Número de clasificación 576
Número de documento/Ítem B7 2009
100 00 - ENTRADA PRINCIPAL--NOMBRE DE PERSONA
Nombre de persona Madigan, Michael T.
9 (RLIN) 69687
245 10 - MENCIÓN DE TÍTULO
Título Brock biología de los microorganismos /
Mención de responsabilidad, etc. por Michael T. Madigan, John M. Martinko y Jack.
250 ## - MENCIÓN DE EDICIÓN
Mención de edición 12 ed.
260 ## - PUBLICACIÓN, DISTRIBUCIÓN, ETC.
Lugar de publicación, distribución, etc. Madrid :
Nombre del editor, distribuidor, etc. Pearson,
Fecha de publicación, distribución, etc. 2009.
300 ## - DESCRIPCIÓN FÍSICA
Extensión 1259 p. :
Otras características físicas il.
534 ## - NOTA SOBRE LA VERSIÓN ORIGINAL
Frase introductoria Tít. original :
Mención de título del original Brock. Biology of microorganisms
590 ## - NOTA LOCAL (RLIN)
Nota local E11695DGD
Procedencia (VM) [OBSOLETO] 10
Condición del los carretes individuales (VM) [OBSOLETO] 20140129
650 14 - PUNTO DE ACCESO ADICIONAL DE MATERIA--TÉRMINO DE MATERIA
Término de materia o nombre geográfico como elemento de entrada Microbiología.
9 (RLIN) 75490
700 0# - PUNTO DE ACCESO ADICIONAL--NOMBRE DE PERSONA
Nombre de persona Brock, Thomas D.
9 (RLIN) 15476
700 0# - PUNTO DE ACCESO ADICIONAL--NOMBRE DE PERSONA
Nombre de persona Martinko, John M.
9 (RLIN) 71672
700 0# - PUNTO DE ACCESO ADICIONAL--NOMBRE DE PERSONA
Nombre de persona Parker, Jack.
9 (RLIN) 85593
901 ## - ELEMENTOS DE DATOS A LOCAL LDA (RLIN)
a BK
942 ## - ELEMENTOS DE PUNTO DE ACCESO ADICIONAL (KOHA)
Tipo de ítem Koha Libro
Fuente del sistema de clasificación o colocación Dewey Decimal Classification
942 ## - ELEMENTOS DE PUNTO DE ACCESO ADICIONAL (KOHA)
Suprimir en OPAC 0
Fuente del sistema de clasificación o colocación Dewey Decimal Classification
Holdings
Estado de retiro Estado de pérdida Fuente del sistema de clasificación o colocación Estado dañado Restricciones de uso No para préstamo Código de colección Localización permanente Ubicación/localización actual Ubicación en estantería Fecha de adquisición Información codificada de la localización en otra ubicación Total de préstamos Signatura topográfica completa Código de barras En préstamo Fecha visto por última vez Fecha del último préstamo Precio válido a partir de Tipo de ítem Koha Número de copia Renovaciones totales
    Dewey Decimal Classification   Préstamo 15 días   General Biblioteca Central Biblioteca Central Planta alta - Colección General 29/01/2014 LIBRO 2 576 B7 2009 33724002400926 09/04/2022 25/03/2022 25/03/2022 31/12/2019 Libro    
    Dewey Decimal Classification       General Zootecnia Zootecnia   19/09/2011       z_0419   18/01/2022   18/01/2022 Libro 1  
    Dewey Decimal Classification       General Zootecnia Zootecnia   08/05/2014   2   z_2332   20/02/2023 07/02/2023 18/01/2022 Libro 7 3
    Dewey Decimal Classification       General Zootecnia Zootecnia   24/03/2015   3   z_2834   25/09/2024 25/09/2024 18/01/2022 Libro 8 3
    Dewey Decimal Classification       General Zootecnia Zootecnia   13/12/2012   3   z_6024   31/01/2023 23/01/2023 18/01/2022 Libro 2 3
    Dewey Decimal Classification       General Zootecnia Zootecnia   13/12/2012   2   z_6025   13/02/2023 13/02/2023 18/01/2022 Libro 3  
    Dewey Decimal Classification       General Zootecnia Zootecnia   13/12/2012   3   z_6026   06/02/2023 06/02/2023 18/01/2022 Libro 4  
    Dewey Decimal Classification       General Zootecnia Zootecnia   13/12/2012   5   z_6027   10/10/2024 03/10/2024 18/01/2022 Libro 5  
    Dewey Decimal Classification       General Zootecnia Zootecnia   08/05/2013   3   z_6072   27/02/2023 27/02/2023 18/01/2022 Libro 6